|
|
|
|
| LEADER |
00000cam a2200000 7i4500 |
| 001 |
0000019097 |
| 005 |
20081129.0 |
| 022 |
0 |
|
|a 0128-2352
|
| 040 |
|
|
|a INS
|
| 090 |
0 |
0 |
|a HV6335.M4
|b B85
|
| 245 |
0 |
0 |
|a Buletin BPR
|
| 260 |
|
|
|a Kuala Lumpur :
|b Bahagian Pencegah Rasuah ,
|c 1989
|
| 300 |
|
|
|a 1 Jil. (muka surat pelbagai) :
|b ill. ;
|c 30 cm.
|
| 500 |
|
|
|a Buletin berita pencegah rasuah
|
| 650 |
0 |
0 |
|a Corruption investigation
|z Malaysia
|v Periodicals
|
| 999 |
|
|
|a SER0000039
|b BOOK
|c Open Shelf
|e Default branch
|
| 999 |
|
|
|a SER0004321
|b BOOK
|c Open Shelf
|e Default branch
|
| 999 |
|
|
|a SER0005311
|b BOOK
|c Open Shelf
|e Default branch
|
| 999 |
|
|
|a SER0005910
|b BOOK
|c Open Shelf
|e Default branch
|
| 999 |
|
|
|a SER0005911
|b BOOK
|c Open Shelf
|e Default branch
|
| 999 |
|
|
|a SER0005912
|b BOOK
|c Open Shelf
|e Default branch
|